MDQL
is popping MORE tags! Check the
thread
!
Quizzes
Events
Quiz Creation
Community
Videos
Private Events
Remove Ads
Sign In
Join for FREE
Feedback
Dark Mode
Quiz Categories
Sports
Geography
Music
Movies
Television
Just For Fun
Miscellaneous
History
Literature
Language
Science
Gaming
Entertainment
Religion
Holiday
For Kids
Quiz Lab
Recent
Popular Today
Quiz Kudos Today
Editor Picks
Curator Picks
Quizzes by...
Day
Popularity
Type
Ratings
Length
Year
Community
Subscriptions
Recent Discussions
Orange Saloon
Badges
Playlists
Quests
Create
Leaderboards
Showdown
Live 5
Trivia Bingo
Activity
Puzzle Library
Sporcle Events
Private Events
Virtual Trivia
Globe League
Become a Host
Pub Owners
SporcleCon
Opinionation
Our Games
Videos
Blog
Mobile Apps
Partnerships
Remove Ads and Go Orange
Feedback
Science
Computer
Plants
Astronomy
Chemistry
Elements
Math
Animal
Physics
Anatomy
Biology
Geology
General Science
Science
Computer
Plants
Astronomy
Chemistry
Elements
Math
Animal
Physics
Anatomy
Biology
Geology
General Science
Random Quiz
Search Sporcle
×
Quiz Lab
Quiz Lab
Science
Digestive
Type in answers that appear in a list
Type in answers that appear in a list
Classic
Best Score? Go Orange.
Digestive Sysytem Stats
Can You Answer The Questions ???
By
renuka
20m
166 Questions
8 Plays
8 Plays
8 Plays
Comments
Comments
Give Quiz Kudos
Give Quiz Kudos
-
- Ratings
hide this ad
More Info
Random Order
Randomize order of answers
Randomize order of answers
Replay
Link that replays current quiz
Next Quiz
Link to next quiz in quiz playlist
You Got
0%
They Got
Avg Score
11%
Avg Friend Score
Upgrade to see
Score Distribution
Jump to the score distribution portion of the page
Score
0/166
Timer
20:00
0
Plays Today
Hint
Answer
% Correct
Caecum Opens Into _
_
_
_
_
_
_
_
_
_
_
_
Colon
62.5%
In Alimentary Canal The Part That Comes After Pharynx Is _
_
_
_
_
_
Oesophagus
50%
The Pharynx Is Divided Into _
_
_
_
_
_
_
_
_
_
Parts( Word Form)
Three
50%
Ileum Opens Into _
_
_
_
_
_
_
_
_
_
Large Intestine
50%
In Alimentary Canal The Part That Comes After Buccal Cavity Is _
_
_
_
_
_
_
_
_
Pharynx
37.5%
In Alimentary Canal The Part That Comes After Oesophagus Is _
_
_
_
_
_
_
_
stomach
37.5%
Soft Palate Hangs Down Into Pharynx as _
_
_
_
_
_
Uvula
37.5%
The Jaw Bone Bears _
_
_
_
_
_
_
_
_
_
Teeth
37.5%
Chisel Shaped teeth Are _
_
_
_
_
Incisors
37.5%
Tooth Has _
_
_
_
_
_
_
_
Parts
3
37.5%
Dentine Is Covered By _
_
_
_
_
_
_
_
_
_
_
_
_
Enamel
37.5%
Dentine Of _
_
_
_
_
_
_
_
_
_
Is Covered By Cementum
Root
37.5%
Trachea Opens Into _
_
_
_
_
_
_
_
_
_
_
Larynx
37.5%
Alimentary Ends With Posterior Opening Called _
_
_
_
_
_
_
_
Anus
25%
In Alimentary Canal The Part That Comes After The Mouth Is _
_
_
_
_
_
Buccal Cavity
25%
In Alimentary Canal The Part That Comes After Stomach Is _
_
_
_
_
_
_
_
_
_
Small Intestine
25%
In Alimentary Canal The Part That Comes After Small Intetstine Is _
_
_
_
_
_
_
_
_
_
_
_
( Add 'On' At Beginning)_
On Large Intestine
25%
In Alimentary Canal The Part That Comes After Large Intestine Is _
_
_
_
_
_
_
_
_
_
The Anus
25%
Jaw Bone Bears _
_
_
_
_
_
_
Kinds Of teeth
Four
25%
Uvula Is A Part Of _
_
_
_
_
_
_
_
_
_
_
Soft Palate
25%
The _
_
_
_
_
_
_
Separates Ventral Buccal Cavity From Dorsal Nasal Chamber
Palate
25%
Palatine rugae Lines _
_
_
_
_
_
_
_
_
_
_
_
Hard Palate
25%
Teeth's Are Embedded In _
_
_
_
_
_
_
_
_
_
Jawbones
25%
Teeth's Are Embedded In Jawbones. Hence Called _
_
_
_
_
_
_
_
_
_
_
Thecodont
25%
Adult Human Has _
_
_
_
_
_
Permanent teeth
32
25%
The Total number Of Milk Teeths Are _
_
_
_
_
_
20
25%
Dagger Shaped Teeth Are _
_
_
_
_
_
_
_
_
_
_
_
Canines
25%
Neck Is The _
_
_
_
_
_
_
_
Part
Middle
25%
The Bulk Of Tooth Is Formed By _
_
_
_
_
_
_
_
_
Dentine
25%
_
_
_
_
_
_
_
_
_
_
Is The hardest Substance In The Body( Add 'A' At Beginning)
A Enamel
25%
Enamel is _
_
_
_
_
_
_
_
_
_
In origin
Ectodermal
25%
A Small Cavity present inside The tooth Is Calles As _
_
_
_
_
_
_
_
_
Pulp Cavity
25%
The Basal parts Of Teeth Are Covered By _
_
_
_
_
_
_
_
_
_
_
_
Gums
25%
Tongue Is Commonly Called As _
_
_
_
_
_
_
_
_
_
Muscular Skeleton Organ
25%
Name The Types Of papillae In Humans _
_
_
_
_
_
_
_
_
_
Fungi Form,Filiform,Circumvallate
25%
Tongue Acts As _
_
_
_
_
_
_
_
_
_
Universal Tooth Brush
25%
Pharynx Possessses _
_
_
_
_
_
_
_
_
_
_
_
Muscles To assist In Swallowing
Voluntary
25%
Pharynx Posses Voluntary Muscles To Facilitate In _
_
_
_
_
_
_
_
_
_
_
_
Swallowing
25%
Middle Ear Cavities Open Into The _
_
_
_
_
_
_
_
_
_
_
_
Nasopharynx
25%
Fundic Is The _
_
_
_
_
_
_
_
_
_
_
_
Portion Of Stomach
Middle
25%
Vestigial Organ In Large Intestine Arises From _
_
_
_
_
_
_
_
_
_
_
_
Caecum
25%
Colon Is Divided Into _
_
_
_
_
_
_
_
_
(Number)
4
25%
Anal Canal Opens Out Through _
_
_
_
_
_
_
_
_
( Add 'A' At Beginning)
A Anus
25%
Internal Anal Sphincter Is Guarded By _
_
_
_
_
_
_
_
_
_
Muscles
Smooth
25%
Alimentary Canal Start's From _
_
_
_
_
_
_
_
_
( Add 'the' At Beginning )
The Mouth
12.5%
The Buccal Cavity Is Also Called As _
_
_
_
_
_
_
_
Oral Cavity
12.5%
The Alimentary Canal Is Also Called As _
_
_
_
_
_
_
_
_
_
_
Digestive Tract
12.5%
The Mouth Is Bordered By _
_
_
_
_
_
_
_
_
_
_
Upper And Lower Lips ( Labia)
12.5%
Soft Palate Hangs Down into _
_
_
_
_
_
_
_
( Add 'The' At Beginning)
The Pharynx
12.5%
Soft Palate Is _
_
_
_
_
_
_
_
_
_
In position
Posterior
12.5%
Labium In Alimentary Canal Borders _
_
_
_
_
_
_
( Add 'a' At Beginning)
A Mouth
12.5%
The _
_
_
_
_
_
_
_
And _
_
_
_
_
_
Facilitates Chewing And Breathing Simuntaneously
Buccal Cavity, Nasal Chamber
12.5%
Milk Teeth Are Also Called As _
_
_
_
_
_
_
_
_
Deciduous Teeth
12.5%
Permanent Teeth Are Also Called As _
_
_
_
_
_
_
_
Adult Teeth
12.5%
Deciduous Teeth Are Also Called As _
_
_
_
_
_
_
_
_
Milk Teeth
12.5%
There Are 4 Different teeths. Hence this Type Of Dentition Is called As _
_
_
_
_
_
_
_
_
_
Heterodont Dentition
12.5%
Hint
Answer
% Correct
Arrange The Types Of Teeth In Order pm,c,m,I
I,C,Pm,M
12.5%
The Third Molar teeth Is Called As _
_
_
_
_
_
_
_
_
_
Wisdom Teeth
12.5%
Premolars And Molars Are _
_
_
_
_
_
_
_
Teeth
Cheek
12.5%
Dagger Teeth Are Useful In _
_
_
_
_
_
_
_
_
_
_
_
_
Tearing
12.5%
Cheek Teeth Are Useful In _
_
_
_
_
_
_
_
_
_
_
_
_
_
Grinding The Food
12.5%
Premolars And Molars Are help Full In _
_
_
_
_
_
( Add 'The' At Beginning)
The Grinding The Food
12.5%
Dentine Is Secreted By _
_
_
_
_
_
_
_
Cells
Odontoblast
12.5%
The Enamel Covers _
_
_
_
_
_
_
_
_
_
_
_
_
( Add 'A' At Beginning)
A Dentine
12.5%
Enamel Is Present On Which Part Of Tooth
Crown
12.5%
Enamel Is Secreted By _
_
_
_
_
_
_
_
_
_
_
_
_
_
Cells
Ameloblasts
12.5%
Ameloblasts Cells Secrete _
_
_
_
_
_
_
_
( Add 'The' At Beginning)
The Enamel
12.5%
Odontoblasts Cells Are _
_
_
_
_
_
_
_
_
In Origin
Mesodermal
12.5%
Dentine Of Root Is Covered By _
_
_
_
_
_
_
_
_
_
_
_
Cementum
Cementum
12.5%
Tongue Is The _
_
_
_
_
Of The Buccal Cavity
Floor
12.5%
The Upper Surface Of Tongue has Small Projections Called _
_
_
_
_
_
_
Papillae
12.5%
Name The Parts Of Pharynx
Nasopharynx, Oropharynx, Laryngopharynx
12.5%
_
_
_
_
_
_
_
_
_
_
_
Prevents The Entry Of Food Into Glottis During Swallowing
Epiglottis
12.5%
Tonsils Are The _
_
_
_
_
_
Tissues
Lymphoid
12.5%
Pharyngeal Tonsils Are Also Called As _
_
_
_
_
_
_
_
_
_
Adenoids
12.5%
Name The Sphincter Present Between Oesophagus And The Stomach
Gastro-Oesophageal
12.5%
Stomach Is _
_
_
Shaped
J
12.5%
Stomach Is _
_
_
_
_
_
_
_
_
_
_
_
Like Structure
Distensible Muscular Bag
12.5%
Stomach Has _
_
_
_
_
_
_
_
_
Parts( Add 'A' At Beginning)
A Three
12.5%
Oesophagus Opens Into _
_
_
_
_
_
_
_
Portion Of Stomach
Cardiac
12.5%
Pyloric Is The _
_
_
_
_
_
_
_
_
_
Portion
Posterior
12.5%
Small Intestin e Is Distinguished Into _
_
_
Parts ( Add '.00' At Ending)
3.00
12.5%
Name The parts Of Small Intestine
Duodenum,Jejunum, ileum
12.5%
Duodenum Receives _
_
_
_
_
_
_
_
_
_
_
Duct
Hepato-pancreatic
12.5%
Large Intestine Contains _
_
_
_
_
_
_
_
Number Of parts( Add '.0' Ending)
3.0
12.5%
_
_
_
_
_
_
_
_
_
Is The Vestigial Organ
Vermiform Appendix
12.5%
There Is No _
_
_
_
_
_
_
_
_
Activity In Large Intestine
Digestive
12.5%
There Is No Digestive Activity In _
_
_
_
_
_
_
_
_
_
Part Of Alimentary Canal( Add 'The' At Beginning)
The Large Intestine
12.5%
Human Digestive System Consists Of _
_
_
_
_
_
And _
_
_
_
_
_
_
_
_
Alimentary Canal, Associated Glands
0%
The Palate Separates _
_
_
_
_
_
_
_
_
_
_
_
_
From The _
_
_
_
_
_
_
_
_
_
The Ventral Buccal Cavity,Dorsal Nasal Chamber
0%
Buccal Cavioty And Nasal Chamber Facilitates _
_
_
_
_
_
_
_
_
_
_
_
And _
_
_
_
_
_
_
Chewing And Breathing
0%
Hard Palate Is Lined By _
_
_
_
_
_
_
_
_
_
Palatine Rugae
0%
Tongue Occurs At _
_
_
_
_
_
_
_
_
_
Of The Buccal Cavity
Base
0%
Hard Palate Is _
_
_
_
_
_
_
_
_
_
_
_
In Postion
Antertior
0%
Uvula Hangs Down Into _
_
_
_
_
_
_
_
_
( Add 'A' At Beginning)
A Pharynx
0%
Teeth's Are _
_
_
_
_
_
_
_
_
_
_
_
In Origin
Ecto-mesodermal
0%
Majority Of Humans Forms Two Sets Of Teeth. This Type of Dentition Is Called As _
_
_
_
_
_
_
_
_
_
_
Diphyodont Dentition
0%
Two Stes Of Teeth In Mammals Are _
_
_
_
_
_
_
_
_
And _
_
_
_
_
_
_
_
Milk Teeth, Permanent Teeth
0%
Adult Teeth Are Also Called As _
_
_
_
_
_
_
_
_
_
_
_
Permanent Teeth
0%
The Four Diiferent teeth's Are _
_
_
_
_
_
_
, _
_
_
_
_
_
_
_
_
_
_
, _
_
_
_
_
_
_
_
_
_
And_
_
_
_
_
_
_
Incisors,Canines,Premolars And Molars
0%
Dental Formula Of Adult Is
2|2,1|1,2|2,3|3
0%
Milk Teeth Dentition Is _
_
_
_
_
_
_
_
_
_
2|2, 1|1, 0|0, 2|2
0%
The Third Molar Teeth Appear At The Age Usually About
21 Years
0%
The Teeth That Usually Appear At The 21 Is _
_
_
_
_
_
_
_
_
(Add 'the' At Beginning)
The Wisdom Teeth
0%
Incisors Are _
_
_
_
_
_
_
_
_
_
_
_
Shaped
Chisel
0%
Canines Are _
_
_
_
_
_
_
_
_
_
Shaped
Dagger
0%
Cheeck Teeths Are _
_
_
_
_
_
_
_
_
And _
_
_
_
_
_
_
_
Premolars,Molars
0%
Chisel Teeth Are Useful In _
_
_
_
_
_
_
_
_
Cutting
0%
Incisors Are help full In _
_
_
_
_
_
( Add 'The' At Beginning)
The Cutting
0%
Canines Are Help Full In _
_
_
_
_
_
_
_
_
_
_
_
( Add 'The' At Beginning)
The Tearing
0%
Parts Of tooth Are _
_
_
_
_
_
_
_
_
Crown, Neck, Root
0%
Crown Is The _
_
_
_
_
_
_
_
_
Part
Exposed
0%
Hint
Answer
% Correct
Root Is The _
_
_
_
_
_
Part
Innermost
0%
Dentine Forms _
_
_
_
_
_
_
_
_
_
Of The Tooth
Bulk
0%
Odontoblast Cells Forms _
_
_
_
_
_
_
_
( Add 'The' At Beginning)
The Dentine
0%
Pulp Cavity Is Filled With _
_
_
_
_
_
_
_
_
_
_
_
Pulp (Odontoblasts, Nerves, Blood, Vessels Etc )
0%
Pulp Cavity Is Lined By A layer Of _
_
_
_
_
_
_
_
_
_
_
Odontoblasts
0%
The Root Is Fixed In The Socket Of _
_
_
_
_
_
_
_
_
_
_
_
By _
_
_
_
_
_
_
_
Jawbone, Cementum And Periodontal Membrane
0%
Socket Is Also Called As _
_
_
_
_
_
_
_
_
Alveolus
0%
_
_
_
_
_
_
_
_
_
Is Fixed In Jaw Bone By Cementum And Periodontal membrane( Add 'The' At Beginning)
The Root
0%
The Basal Parts Of teeth Are _
_
_
_
_
_
_
_
And _
_
_
_
_
_
_
_
Neck, Root
0%
Gums Are Otherwise Called As _
_
_
_
_
_
_
_
_
_
_
_
Gingiva
0%
Gingiva Is Also Called As _
_
_
_
_
_
_
_
_
_
_
_
_
( Add 'The' At Beginning)
The Gums
0%
Tongue Is Fixed To Basal Of Oral Cavity By A Fold Of Tissue Called _
_
_
_
_
_
_
_
_
_
_
_
Frenulum
0%
Some Papillae Bears _
_
_
_
_
_
_
_
_
_
_
Taste Buds
0%
Taste Buds Are Present On _
_
_
_
_
_
_
_
_
_
_
( Add 'The' At Beginning)
The Papillae
0%
In Humans Tongue Bears _
_
_
_
_
_
_
_
_
_
_
_
Types Of Papillae( Add '.000' At Ending)
3.000
0%
Fungi Form papillae Are Present At _
_
_
_
_
_
_
_
_
_
_
_
Anterior Margin And Tip Of Tongue
0%
Filiform Papillae Are Present At _
_
_
_
_
_
_
_
_
_
_
_
_
Surface Of The Tongue
0%
Circumvallate papillae Are Present On _
_
_
_
_
_
_
_
_
_
_
Posterior surface
0%
Tooth Helps In _
_
_
_
_
_
_
_
_
_
_
Mixing Saliva With Food, Taste Detection,Deglutition And Speaking
0%
Pharynx Serves As Common Passage For _
_
_
_
_
_
_
_
_
_
And _
_
_
_
Food, Air
0%
_
_
_
_
_
_
_
_
_
Serves As Common Passage For Food And Air
A Pharynx
0%
Nasopharynx Lies At _
_
_
_
_
_
_
_
_
Above The Soft Palate
0%
Oropharynx Lies At _
_
_
_
_
_
_
_
_
( Add 'The' At Beginning)
The Middle
0%
Laryngopharynx Lies At _
_
_
_
_
_
_
_
_
_
_
_
( Add 'The' At Beginning)
The Lower Part
0%
Larynx Opens Into _
_
_
_
_
_
_
Through Glottis
Laryngopharynx
0%
_
_
_
_
_
_
_
_
_
_
Opens Through Glottis( Add 'The' At Beginning)
The Laryngopharynx
0%
Tonsils Are Present _
_
_
_
_
_
_
_
_
_
_
On The Pharynx
0%
Tonsils On Pharynx Are _
_
_
_
_
_
_
Types ( Add 'The' At Beginning)
The 3
0%
Name The Tonsils
Pharyngeal Tonsils, Palatine Tonsils,Lingual Tonsils
0%
_
_
_
_
_
_
_
_
_
_
Forms Middle Ear Cavity
Eustachian Tubes
0%
Oesophagus Extends PosteriorlyPassing Through _
_
_
_
, _
_
_
And _
_
_
_
_
_
_
_
_
_
_
_
_
And Finally Leads Into _
_
_
_
_
_
_
Neck, Thorax, Diaphragm, Stomach
0%
Name The Sphincter At The Beginning of Oesophagus
Oesophageal Sphincter
0%
Is A Sphincter Presnt At The Beginning of The Oesophagus ?....Yes Or No
Yess
0%
Location Of Stomach Is _
_
_
_
_
_
_
_
_
_
_
_
_
_
Upper Left Portion Of The Abdominal Cavity Just Below Diaphragm
0%
The parts Of Stomach Are _
_
_
_
_
_
_
, _
_
_
_
_
_
_
_
_
_
_
_
And _
_
_
_
_
_
_
_
_
_
Cardiac,Fundic,Pyloric
0%
Pyloric Stomach Opens Into _
_
_
_
_
_
_
_
_
_
_
_
_
( Add 'The' At Beginning)
The Small Intestine
0%
The Opening Of Stomach into Small Intestine Is guarded By The _
_
_
_
_
_
_
_
_
_
_
_
_
_
_
Pyloric Sphincter
0%
_
_
_
_
_
_
_
_
_
Is The Longest Part Of The Alimentary Canal
A Small Intestine
0%
Duodenum Is _
_
_
_
_
_
_
_
_
_
In Position
Proximal
0%
Jejunum Is _
_
_
_
_
_
_
_
_
In Position( Add 'In The' At Beginning)
In The Middle
0%
Ileum Is _
_
_
_
_
_
_
_
_
_
In position( Add 'The' At Beginning)
The Distal
0%
The Beginning Of large Intestine Bears _
_
_
_
_
_
_
_
_
_
_
And _
_
_
_
_
_
_
_
_
_
ilio-Caecal Valve, Sphincter
0%
Use Of Sphincter Is _
_
_
_
_
_
_
_
_
_
_
_
_
Prevents Backward Flow Of Foo Materials
0%
Large Intestine Contains _
_
_
_
_
_
_
_
_
_
_
_
, _
_
_
_
_
_
_
_
_
_
, And _
_
_
_
_
_
_
_
_
_
_
Parts
Caecum,Colon And Rectum
0%
Ceacum Hosts _
_
_
_
_
_
_
_
_
_
_
_
_
_
Symbiotic Microorganisms
0%
Types Of Colon ( Names )
Ascending, Transverse, Descending, Sigmoid
0%
Colon Shows Bulged Out Pouches Called _
_
_
_
_
_
_
_
_
_
_
_
Haustra
0%
Colon Shows Three Longitudinal Smooth Muscles Called _
_
_
_
_
_
_
_
_
_
_
_
Taenia Coli
0%
Rectum Leads Into _
_
_
_
_
_
_
_
_
_
Anus Canal
0%
Anal Canal Is Guarded By_
_
_
_
_
_
_
_
_
_
_
And _
_
_
_
_
_
_
_
_
_
Internal Anal Sphincter, External Anal Sphincter
0%
External Anal Sphincter Is Guarded By _
_
_
_
_
_
_
_
_
_
_
Muscles
Voluntary
0%
Large Intestine Is Concerned With _
_
_
_
_
_
_
_
_
_
, _
_
_
_
_
_
_
_
_
_
_
_
And _
_
_
_
_
_
_
_
_
Absorbtion Of Some water, Minerals And Some Drugs
0%
Large Intestine Secretes _
_
_
_
_
_
_
_
_
Mucus
0%
Mucus Secreted By Large Intestine Helps In _
_
_
_
_
_
_
_
_
_
_
_
_
_
_
_
_
_
_
_
_
Keeping The Undigested Food Particles Together And Lubricating Their Passage To the Exterior
0%
Quiz Playlist
Details
Report
Send in Message
Add To Playlist
More Info:
The Quiz Is All About Digestive Tract
Classic:
Type in answers that appear in a list
Random Order:
Randomize order of answers
Last Updated: Feb 16, 2017
Quiz Scoreboard
CHALLENGE
Sign Up to Join the Scoreboard
Show All
Scores
Hide
Comments
May contain spoilers
Recently Published
1-10 Letter E Words III
by El_Dandy
Language
2m
Street Fighter Characters
by Artimus82
Gaming
60s
College Basketball Coaching Resumes
by pancakes188
Sports
9m
More to Explore
Quiz From the Vault
Featured Blog Post
Where Did the Easter Bunny Come From?
hide this ad
You Might Also Like...
Tags
Digestive
Today's Top Quizzes in Science
Browse Science
hide this ad
Today's Top Quizzes in Digestive
Browse Digestive
Top Contributed Quizzes in Science
1
Quick Pick: Radians
2
The First 100 Digits of Pi
3
Quick Pick: 'CI-CJ' Animals
4
Elements In Images
5
perfect squares 1-25
6
One Thing in Common: Science
7
One Thing in Common: Science II
8
One Thing in Common: Animals
9
One Thing in Common: Science III
10
Order Up: Organs and Body Systems
Explore More
Trending Topics
Harry Potter
NBA
Kpop
Crossword
Marvel
Disney
Anime
Song
Puzzle
The Office
Country
Soccer
WWE
Pokémon
NFL
hide this ad
More By:
renuka
Quiz
Plays
Rating
Category
Featured
Created
Histology Of Alimentary Canal
12
Science
Jun 2, 2016
Digestive Sysytem
8
Science
Jun 1, 2016
Go to Creator's Profile
Score Distribution
Quiz Creator Spotlight
renuka
Follow
Send a Message
Quizzes Created
-
Created Quiz Play Count
-
More By This Creator
Popular Quizzes Today
1
Find the US States - No Outlines Minefield
2
Find the Countries of Europe - No Outlines Minefield
3
Find the US States
4
The Countries of the World
5
Risky Map Clicking: Biggest States A-Z
6
US States
7
Popular People in 1961
8
Movies - When Are They Set?
More Science Quizzes
Animals Missing 3-Letter Words
Published
Trending Quizzes
Risky Map Clicking: Least Populous States A-Z
1-10 Letter G Words
Countries of the World: 200 Million BC
1-10 Letter F Words
Risky Map Clicking: Next State Alphabetically
Recently Updated
Largest US Cities 1790-2010
pecheneg
Rides in Walt Disney World
pecheneg
Most Oscar Losses (Acting)
pecheneg
Beyoncé Albums
pecheneg
Leaping Animals
pecheneg
Reality TV Shows (A-Z)
bhenderson79
Rickey Henderson's Hall of Fame Teammates
pecheneg
Champions League XIs: Arsenal
pecheneg
Quick Pick: Celebrities in WWE's Hall of Fame
aduchscher
A-Z Keypad Blitz II
pecheneg
Trending Topics
Crossword
Disney
Harry Potter
Kpop
Anime
NBA
Marvel
NFL
Pokémon
The Office
Puzzle
Soccer
Song
Country
WWE
Your Account Isn't Verified!
In order to create a playlist on Sporcle, you need to verify the email address you used during registration. Go to your
Sporcle Settings
to finish the process.
Report this User
Report this user for behavior that violates our
Community Guidelines
.
Details:
Send Report
Go to the Sporcle.com Mobile Site →
Comments